MARC

LEADER 00000nam0a2200000 4500
001 23030
005 20231030195042.0
010 |a 0175571279 
035 |a (RuTPU)RU\TPU\book\23245 
035 |a BOOK00023317 
090 |a 23030 
100 |a 20011209d1999 m y0engy50 ba 
101 0 |a eng 
102 |a GB 
105 |a y j 000zy 
200 1 |a Intermediate Vocabulary  |f B. J. Thomas 
205 |a New ed. 
210 |a Harlow  |c Longman  |d 1999 
215 |a 119 р. 
610 1 |a английский язык 
610 1 |a учебные пособия 
610 1 |a устная речь 
610 1 |a разговорная речь 
610 1 |a лексика 
686 |a Ш143.21-923.4  |v LBC/SL-A  |2 rubbk 
700 1 |a Thomas  |b B. J. 
801 0 |a RU  |b 63413507  |c 20011209  |g PSBO 
801 2 |a RU  |b 63413507  |c 20200526  |g PSBO 
942 |c BK